| 000 | 00603nam a22001577a 4500 | ||
|---|---|---|---|
| 003 | OSt | ||
| 005 | 20151208102851.0 | ||
| 008 | 151208b xxu||||| |||| 00| 0 eng d | ||
| 040 | _cRUA | ||
| 082 | _aATM LOE 2004 B193 Or.1 | ||
| 100 |
_94518 _aLOEUNG, VUTHA. |
||
| 245 | _aevaluating on paddy quality from different drying method (វាយតំលៃគុណភាពគ្រាប់ស្រូវដែលបានមកពីវិធីសាស្រ្ត សំងួតផ្សេងៗគ្នា) | ||
| 260 |
_aPhnom Penh _bRUA _c2004 |
||
| 300 |
_aix,44. _bill. _c29cm. |
||
| 942 |
_2ddc _cATM |
||
| 999 |
_c4209 _d4209 |
||